Deutschland in Bildern - Statistiken

Allgemein
  • Dieses Quiz wurde 557 mal gespielt
    460 seit der letzten Aktualisierung
  • Das Durchschnittsergebnis liegt bei 16 aus 20
Antwortstatistiken
Bildquiz Antwort % Korrekt
Angela Merkel
100%
Brandenburger Tor
99%
Lufthansa
97%
Frankfurt
93%
Schnitzel
93%
Oktoberfest
91%
Schäferhund
90%
Hamburg
88%
Berliner Mauer
86%
Bratwurst
80%
Kuckucksuhr
80%
Martin Luther
76%
Preußen
70%
Schwarzwald
68%
Johann Sebastian Bach
67%
Lederhosen
66%
Volkswagen
64%
Karl Marx
59%
Reichstag
58%
Rhein
42%
Keine übereinstimmenden Quizze gefunden
Verteilung der Resultate
Anzahl Personen mit jedem Resultat
Perzentil nach korrekt beantworteten Fragen
Ihre Resultats-Entwicklung
Sie haben dieses Quiz seit der letzten Aktualisierung nicht gespielt